00706nam a2200217Ia 4500003000400000005001700004008004100021020001800062040001800080041000800098082002100106100002700127245008900154250001200243260006900255300002700324650003700351650004300388650003400431650002300465OSt20230906111634.0210716s2011 xx 000 0 und d a9780070681873 cAIMIT LIBRARY aeng a005.13 21bBUSH aBuhari, Seyed Mohamed. aPrinciples of programming languages: bparadigm approach /cBy Seyed Mohamed Buhari. a1st ed. aNew Delhi :bTata McGraw Hill Education Private Limited ,c2011. axx,441p. ;bPBc24 cm. aImperative programming languages aConcurrent and distributed programming aLogical programming languages aStorage management